Znani ludzie według inicjałów - imiona na "Z" - Statystyki

Ogólne statystyki
  • Ten quiz został rozwiązany 226 razy
  • Średni wynik to 8 z 15
Statystyki odpowiedzi
Inicjały Kim jest ta osoba? Odpowiedź % Poprawnych
ZB Polski piłkarz i działacz, brązowy medalista MŚ 1982, prezes PZPN Zbigniew Boniek
95%
ZC Polski rycerz, uczestnik bitwy pod Grunwaldem (można podać imię) Zawisza Czarny
85%
ZW Polski muzyk, znany z piosenek "Zacznij od Bacha" czy "Lubię wracać tam gdzie byłem" Zbigniew Wodecki
79%
ZI Szwedzki piłkarz, zawodnik m.in. Barcelony, Milanu i Interu Zlatan Ibrahimović
76%
ZZ Francuski piłkarz i trener, trzykrotny zdobywca Złotej Piłki, zdobywca czterech Lig Mistrzów w Realu Madryt (1 jako zawodnik, 3 jako trener) Zinédine Zidane
74%
ZR Polski kardiochirurg i polityk, autor pierwszego przeszczepu serca w Polsce Zbigniew Religa
71%
ZE Amerykański aktor i muzyk, znany z roli Troya w "High School Musical" Zac Efron
60%
ZH Polski pisarz, twórca dzieł takich jak "Pan Cogito" czy "Hermes, pies i gwiazda" Zbigniew Herbert
58%
ZM Chiński polityk, wieloletni przywódca kraju Mao Zedong
46%
ZL Szwedzka piosenkarka, autorka piosenek takich jak "Uncover" czy "Lush Life" Zara Larsson
43%
ZJ Polski kolarz, wicemistrz olimpijski, trzeci w Tour de France 1993 Zenon Jaskuła
26%
ZP Polski kompozytor muzyki filmowej, znany ze współpracy z Krzysztofem Kieślowskim Zbigniew Preisner
20%
ZK Polska pisarka i działaczka, współzałożycielka Żegoty i Frontu Odrodzenia Polski Zofia Kossak
11%
ZS Amerykański reżyser, odpowiedzialny m.in. za filmy "300" czy "Batman v Superman: Świt sprawiedliwości" Zack Snyder
9%
ZG Polski święty, założyciel zakonu józefitek Zygmunt Gorazdowski
3%
Nie znaleziono quizów pasujących do podanych kryteriów
Rozkład punktacji
Procent ludzi z każdym wynikiem
Percentyl według liczby udzielonych odpowiedzi
Twoja historia wyników
Nie rozwiązałeś tego quizu